<?xml version="1.0" encoding="UTF-8"?>
<marc:record xmlns:marc="http://www.loc.gov/MARC21/slim">
   <marc:leader>00000nam a2200000 a 4500</marc:leader>
   <marc:datafield ind1="1" ind2=" " tag="100">
      <marc:subfield code="a">Scheib, Constanze</marc:subfield>
      <marc:subfield code="4">aut</marc:subfield>
      <marc:subfield code="e">Verfasser/-in</marc:subfield>
   </marc:datafield>
   <marc:datafield ind1=" " ind2=" " tag="653">
      <marc:subfield code="a">Wien</marc:subfield>
   </marc:datafield>
   <marc:datafield ind1=" " ind2=" " tag="653">
      <marc:subfield code="a">Krimi</marc:subfield>
   </marc:datafield>
   <marc:datafield ind1=" " ind2=" " tag="653">
      <marc:subfield code="a">Erpressung</marc:subfield>
   </marc:datafield>
   <marc:datafield ind1=" " ind2=" " tag="653">
      <marc:subfield code="a">Theater</marc:subfield>
   </marc:datafield>
   <marc:datafield ind1=" " ind2=" " tag="653">
      <marc:subfield code="a">Opernball</marc:subfield>
   </marc:datafield>
   <marc:datafield ind1=" " ind2=" " tag="653">
      <marc:subfield code="a">siebziger</marc:subfield>
   </marc:datafield>
   <marc:datafield ind1=" " ind2=" " tag="653">
      <marc:subfield code="a">Primaballerina</marc:subfield>
   </marc:datafield>
   <marc:datafield ind1="0" ind2="0" tag="245">
      <marc:subfield code="a">Mord im Dreivierteltakt</marc:subfield>
   </marc:datafield>
   <marc:datafield ind1="0" ind2="0" tag="245">
      <marc:subfield code="b">Die gnä' Frau ermittelt</marc:subfield>
   </marc:datafield>
   <marc:datafield ind1="0" ind2="0" tag="245">
      <marc:subfield code="c">Constanze Scheib</marc:subfield>
   </marc:datafield>
   <marc:datafield ind1=" " ind2="1" tag="264">
      <marc:subfield code="a">Zürich</marc:subfield>
      <marc:subfield code="b">OKTOPUS bei Kampa</marc:subfield>
      <marc:subfield code="c">2023</marc:subfield>
   </marc:datafield>
   <marc:datafield ind1="1" ind2=" " tag="490">
      <marc:subfield code="a">Die gnä' Frau ermittelt</marc:subfield>
   </marc:datafield>
   <marc:datafield ind1=" " ind2=" " tag="250">
      <marc:subfield code="a">1. Auflage</marc:subfield>
   </marc:datafield>
   <marc:datafield ind1="1" ind2=" " tag="520">
      <marc:subfield code="a">Geldübergabe auf dem Opernball. Eine kapriziöse Ex-Primadonna wird erpresst, und die gnä' Frau ermittelt in Wiener Künsterkreisen.&lt;br/&gt;&lt;br/&gt;Wiener Philharmonikerball 1973. Nach dem Eröffnungswalzer geht das Ehepaar Ehrenstein üblicherweise getrennte Wege, doch diesmal weckt das merkwürdige Benehmen ihres Mannes die Neugier der gnä' Frau: Was verbindet Oskar mit Felix Hall, dem Leiter eines Theaters am Spittelberg? Kurz vor der Mitternachtsquadrille kommt es im Foyer zum Eklat: Halls Regisseur und dessen Frau, die Ex-Primadonna Conetotti, liefern sich ein heftiges Wortgefecht mit dem Geldgeber der Opernproduktion. Ehe Frau Ehrenstein sich's versieht, hat man sie zur Mäzenin erkoren - eine Rolle, in der sie sich gefällt: Sie liebt das Theater, und als Hobbydetektivin vermutet sie, dass mehr hinter den Ausbrüchen der Signora steckt. Bald gesteht die Operndiva: Ein Unbekannter hat ihre Lebenslüge enttarnt und fordert Schweigegeld - Übergabe auf dem Opernball. Doch der Erpresser hat seine Rechnung ohne Frau Ehrenstein gemacht.</marc:subfield>
   </marc:datafield>
   <marc:datafield ind1=" " ind2=" " tag="020">
      <marc:subfield code="a">9783311300533</marc:subfield>
      <marc:subfield code="9">9783311300533</marc:subfield>
   </marc:datafield>
   <marc:datafield ind1=" " ind2=" " tag="041">
      <marc:subfield code="a">ger</marc:subfield>
   </marc:datafield>
   <marc:datafield ind1="0" ind2=" " tag="490">
      <marc:subfield code="v">3</marc:subfield>
   </marc:datafield>
   <marc:datafield ind1="1" ind2=" " tag="521">
      <marc:subfield code="a">12</marc:subfield>
   </marc:datafield>
   <marc:datafield ind1=" " ind2=" " tag="300">
      <marc:subfield code="a">304 Seiten</marc:subfield>
   </marc:datafield>
</marc:record>
